Color de piel humilde, color de piel privilegiado. Élites y blancura en América Latina /
En el artículo se explora la relación entre las élites y la noción de "blancura" en América Latina. El autor analiza cómo la idea de tener una piel más clara ha sido históricamente asociada con la superioridad social y económica en la región, lo que ha influido en la forma en que las élite...
Enregistré dans:
| Auteur principal: | |
|---|---|
| Format: | Livre |
| Langue: | Spanish |
| Sujets: | |
| Tags: |
Ajouter un tag
Pas de tags, Soyez le premier à ajouter un tag!
|
MARC
| LEADER | 00000nam a22000007a 4500 | ||
|---|---|---|---|
| 003 | cru CIDCACS/IIS | ||
| 005 | 20230906145740.0 | ||
| 008 | 230530s2023 ag |||p|r|||| 00| 0 spa d | ||
| 040 | |c cru CIDCACS/IIS | ||
| 100 | 1 | |9 11692 |a Cerón Anaya, Hugo |e Autora | |
| 245 | 1 | 1 | |a Color de piel humilde, color de piel privilegiado. |b Élites y blancura en América Latina / |c Hugo Cerón Anaya |
| 300 | |a páginas 50-63 |b tabla | ||
| 500 | |a Colección Centroamérica | ||
| 520 | |a En el artículo se explora la relación entre las élites y la noción de "blancura" en América Latina. El autor analiza cómo la idea de tener una piel más clara ha sido históricamente asociada con la superioridad social y económica en la región, lo que ha influido en la forma en que las élites han consolidado y perpetuado su poder. Se examina cómo las élites han adoptado ciertos estándares de belleza y comportamiento relacionados con la blancura, y cómo esto se refleja en la discriminación y la desigualdad racial en la región. El artículo también aborda cómo estas dinámicas impactan en la representación política y en la formación de políticas públicas. El autor plantea la necesidad de reconocer y confrontar estas dinámicas para lograr una mayor equidad racial en América Latina. RAR 05/2023 | ||
| 650 | 0 | |2 OCDE |9 77 |a DESIGUALDAD SOCIAL | |
| 650 | 0 | |2 OCDE |9 3137 |a ELITE | |
| 650 | 0 | |2 OCDE |9 633 |a DISCRIMINACION RACIAL | |
| 650 | 0 | |2 OCDE |9 6349 |a PODER ECONOMICO | |
| 650 | 4 | |2 OCDE |9 1918 |a PODER POLITICO | |
| 651 | 0 | |2 OCDE |9 17 |a AMERICA LATINA | |
| 773 | 0 | |0 19022 |9 8727 |a Fundación Friedrich Ebert |d Fundación Friedrich Ebert; Nueva Sociedad Buenos Aires, Argentina |o 23507 |t Nueva Sociedad / | |
| 942 | |2 ddc |c PP | ||
| 999 | |c 45230 |d 45230 | ||
